ბათუმის შოთა რუსთაველის სახელმწიფო უნივერსიტეტის ბიბლიოთეკა

მეტალურგიული ტერმინების ლექსიკონი : (ბიბ.ჩანაწერი № 36875)

000 -ლიდერი
ფიქსირებული სიგრძის საკონტროლო ველი 01837nam a2200289Ia 4500
001 - საკონტროლო ნომერი
საკონტროლო ველი 2825
003 - საკონტროლო ნომრის იდენტიფიკატორი
საკონტროლო ველი GE_BSU
005 - ბოლო ოპერაციის თარიღი და დრო
საკონტროლო ველი 20190610182354.0
008 - ფიქსირებული სიგრძის მონაცემთა ელემენტები - ზოგადი ინფორმაცია
ფიქსირებული სიგრძის საკონტროლო ველი 181216s2011||||ge |||||||||||||| ||geo||
020 ## - წიგნის საერთაშორისო სტანდარტული ნომერი
International Standard Book Number 978994103553
040 ## - კატალოგიზაციის წყარო
Transcribing agency GE_BSU
041 ## - ენის კოდი
Language code of text/sound track or separate title geo
080 ## - უნივერსალური ათობითი კლასიფიკაციის ინდექსი
Universal Decimal Classification number 81'374.26:669=353.1=161.1=162.2=111=112.1=133.1 მ-59
245 ## - ცნობა სათაურის შესახებ
Title მეტალურგიული ტერმინების ლექსიკონი :
Remainder of title ტ. 1 : [ა - რ]. (ქართულ-რუსულ-უკრაინულ-ინგლისურ-გერმანულ-ფრანგული) : 2 ტომად /
Statement of responsibility, etc საქ. მეცნ. ეროვნ. აკად., რუსეთის მეცნ. აკად., უკრაინის მეცნ. ეროვნ. აკად., რუსეთის საბუნებისმეტყვ. მეცნ. აკად., სტუ ; მთ. რედ. გ. ქაშაკაშვილი.
264 ## - წარმოების, გამოცემის, დისტრიბუციის და სხვა ცნობები
გამოცემის, წარმოების, დისტრიბუციის... ადგილი თბილისი :
გამოცემის, წარმოების, დისტრიბუციის... სახელწოდება გამ-ბა სტ. "ფორმა",
გამოცემის, წარმოების, დისტრიბუციის... თარიღი 2011.
300 ## - ფიზიკური აღწერა
Extent 904 გვ.
Other physical details 30 სმ.
653 ## - INDEX TERM--UNCONTROLLED
Uncontrolled term ლექსიკონი
700 ## - ADDED ENTRY--PERSONAL NAME
Personal name ქაშაკაშვილი, გ.
Relator term რედაქტორი
9 (RLIN) 2334
700 ## - ADDED ENTRY--PERSONAL NAME
Personal name ბერიძე, მ.
Relator term რედაქტორი
9 (RLIN) 2335
700 ## - ADDED ENTRY--PERSONAL NAME
Personal name გაგნიძე, ა.
Relator term რედაქტორი
9 (RLIN) 2336
700 ## - ADDED ENTRY--PERSONAL NAME
Personal name გლადუში, ვ.
Relator term რედაქტორი
9 (RLIN) 2337
700 ## - ADDED ENTRY--PERSONAL NAME
Personal name გობეჩია, ე.
Relator term რედაქტორი
9 (RLIN) 2338
700 ## - ADDED ENTRY--PERSONAL NAME
Personal name გონაშვილი, ო.
Relator term რედაქტორი
9 (RLIN) 2339
700 ## - ADDED ENTRY--PERSONAL NAME
Personal name გრინიოვი, ა.
Relator term რედაქტორი
9 (RLIN) 2340
710 ## - ADDED ENTRY--CORPORATE NAME
Corporate name or jurisdiction name as entry element დერმენტლი, ფ. და სხვ.
Subordinate unit რედაქტორი
9 (RLIN) 2341
942 ## - ADDED ENTRY ELEMENTS (KOHA)
Koha item type წიგნი
Source of classification or shelving scheme
ეგზემპლარები
ჩამოწერის სტატუსი დაკარგული ეგზემპლარის სტატუსი კლასიფიკაციის წყარო ან თაროზე გაწყობის სქემა დაზიანების სტატუსი არ გაიცემა მუდმივი მდებარეობა (დაცვის ადგილი) ამჟამინდელი ადგილსამყოფელი თაროზე განთავსების ადგილი შეძენის თარიღი სრული შენახვის შიფრი შტრიხკოდი ბოლო ოპერაციის თარიღი ეგზემპლარის მიმდევრობითი ნომერი (კეტერი?) ფასის ძალაში შესვლის თარიღი ეგზემპლარის სახეობა საჯარო შენიშვნა
          ბათუმის შოთა რუსთაველის სახელმწიფო უნივერსიტეტის მთავარი ბიბლიოთეკა ბათუმის შოთა რუსთაველის სახელმწიფო უნივერსიტეტის მთავარი ბიბლიოთეკა წიგნსაცავი 2018-12-17 81'374.26:669=353.1=161.1=162.2=111=112.1=133.1 მ-59 4773 2018-12-17 4773 2018-12-17 წიგნი